Felix Slováček. (4)

Hlavní autor: Slováček, Felix, 1943-
Korporativní autor: Orchestr Ladislava Štaidla
Jazyk: Nelze použít, není lingvistický obsah
Vydáno: [Praha] : Supraphon, p1978
Témata:
Fyzický popis: 1 zvuková deska : analog, 33 ot/min, stereo ; 31 cm
Zvukové nahrávky
Uloženo v:
LEADER 01714njm a2200361 a 4500
001 001153581
003 CZ BrMZK
005 20141209154459.0
007 sd bsmennmplne
008 110613s1978 xr ppn g zxx d
028 0 1 |a 1 13 2246 H  |b Supraphon 
040 |a BOA001  |b cze 
048 |b wl01  |a oe01 
072 7 |a 788  |x Hudba pro dechové nástroje  |2 Konspekt  |9 9 
080 |a 78.03.011.26  |2 MRF 
080 |a 788.6.082.4  |2 MRF 
080 |a (086.72)  |2 MRF 
100 1 |a Slováček, Felix,  |d 1943-  |7 jn19990209774  |4 itr 
245 1 0 |a Felix Slováček.  |n (4)  |h [zvukový záznam] 
260 |a [Praha] :  |b Supraphon,  |c p1978 
300 |a 1 zvuková deska :  |b analog, 33 ot/min, stereo ;  |c 31 cm 
500 |a Gramofonová deska (LP) 
505 0 0 |t Protože tě mám rád --  |t Variace na téma W.C. Handyho St. Louis blues --  |t Radost až do rána --  |t Cantor --  |t Od svítání do soumraku --  |t Už se nevrátíš --  |t Bilitis --  |t Poém --  |t Motiv z labutího jezera --  |t Klarinetový koncert Es dur --  |t Modlitba --  |t Hobojový koncert s moll --  |t Koncert pro klarinet a orchestr 
511 0 |a Felix Slováček, sopránový saxofon, klarinet ; Ladislav Štaidl se svým orchestrem a další 
518 |a Nahráno v dubnu 1977 až v únoru 1978 v pražském studiu Mozarteum (1-12) a při koncertu Pražského jara (13) 
650 0 7 |a populární hudba  |7 ph124352  |2 czenas 
650 0 7 |a koncerty (klarinet, orchestr)  |7 ph463491  |2 czenas 
655 7 |a gramofonové desky  |7 fd186718  |2 czenas 
710 2 |a Orchestr Ladislava Štaidla  |7 ko2003171954 
910 2 |a BOA001  |b LP-1268.292,4 
990 |a AV 
991 |b 201107 
996 6 |b 2610482530  |c LP-1268.292,4  |l MZK  |r Sklad / do 24 hodin  |n 0  |p dar  |w 001187019  |u 000010  |a 1  |e BOA001  |j MZK50  |s P